Developmental psychology (Record no. 4047)

MARC details
000 -LEADER
fixed length control field 00410nam a22001457a 4500
008 - FIXED-LENGTH DATA ELEMENTS--GENERAL INFORMATION
fixed length control field 250702b |||||||| |||| 00| 0 eng d
020 ## - INTERNATIONAL STANDARD BOOK NUMBER
ISBN 9789789055098
100 ## - MAIN ENTRY--AUTHOR
Author Korb Katrina A.
245 ## - TITLE STATEMENT
Title Developmental psychology
260 ## - PUBLICATION, DISTRIBUTION, ETC. (IMPRINT)
Place of publication Plateau
Name of publisher Africa christian textbooks (Acts)
Date of publication 2022
300 ## - COLLATION
Pagination v, 246p.
Other physical details 2022
650 ## - TRACINGS
Main Subject Developmental psychology
Subdivision (1st) Human behaviour
942 ## - ADDED ENTRY ELEMENTS (KOHA)
Item type Books
050 ## - LIBRARY OF CONGRESS CALL NUMBER
Classification number BF701
Item number .K67
Holdings
Source of classification or shelving scheme Not for loan Permanent location Current location Date acquired Accession No. Full call number Barcode. Koha item type
Library of Congress Classification   Samuel Ogbemudia Main Library, University of Abuja Samuel Ogbemudia Main Library, University of Abuja 07/02/2025 2025/64962-63 BF701.K67 2025-2767 Books
Library of Congress Classification   Samuel Ogbemudia Main Library, University of Abuja Samuel Ogbemudia Main Library, University of Abuja 07/02/2025 2025/64962-63 BF701.K67 2025-2768 Books